00612nam a2200229 a 4500001001300000003000900013005001700022008004100039020001000080082001300090100001600103245002000119260004700139300000800186500003500194650001600229700001600245902000800261942000700269952009300276999001300369nice12345678IN_TiNIC20260116011318.0070629s1913 mada grp 000 0 eng  ac10000a239bGOL aGoldsack, W aChrist in Islam aMadrasbChristian Literature Societyc1913 a47p aincludes index and biblioraphy aApologetics1 aGoldsack, W bSRS cBK 00104070aHMIbHMId2008-04-16g100.00l0o239 GOLp1404r2008-04-16w2026-01-16yARB c413d413